000
00338nam a2200133Ia 4500
008
151001s9999||||xx |||||||||||||| ||und||
100
_a
सत्यजित राय
245
_a
बंबई का बागी
250
_a
1
260
_b
किताबहार
260
_c
2006
300
_a
72
365
_b
21
999
_c
994321
_d
994318